|
|
|
|
| LEADER |
01078nam a2200265 a 4500 |
| 001 |
009534279 |
| 008 |
090714r20001997enk b 001 0 eng d |
| 020 |
|
|
|a 0174434650 (cased)
|
| 020 |
|
|
|a 0174434642 (pbk)
|
| 020 |
|
|
|a 9814057452
|
| 040 |
|
|
|a Uk
|c Uk
|
| 082 |
0 |
0 |
|a 822.3/3
|2 21
|
| 100 |
1 |
|
|a Shakespeare, William,
|d 1564-1616
|
| 245 |
1 |
0 |
|a Othello /
|c William Shakespeare ; edited by E. A. J. Honigmann.
|
| 260 |
|
|
|a Walton-on-Thames :
|b Nelson,
|c 1997 [reprinted 2000]
|
| 300 |
|
|
|a xvi,409p. :
|b ill. ;
|c 18 cm.
|
| 490 |
1 |
|
|a The Arden Shakespeare.
|p Third series
|
| 504 |
|
|
|a Includes bibliographical references and index.
|
| 541 |
1 |
|
|e 00008543
|
| 600 |
1 |
0 |
|a Shakespeare, William,
|d 1564-1616.
|t Othello
|
| 700 |
1 |
|
|a Honigmann, E. A. J.
|q (Ernst Anselm Joachim),
|d 1927-
|
| 852 |
4 |
|
|a Ayesha Abed Library
|j General shelf
|
| 942 |
0 |
0 |
|0 2
|
| 999 |
|
|
|c 2442
|d 2442
|
| 952 |
|
|
|0 0
|1 0
|2 ddc
|4 0
|6 822_330000000000000_SHA_1999
|7 0
|9 2256
|a BRACUL
|b BRACUL
|c GEN
|d 2009-07-15
|g 0.00
|l 24
|m 54
|o 822.33 SHA
|p 3010008543
|r 2026-05-20
|s 2026-02-09
|t 1
|w 2009-07-15
|y BK
|x No price found in the accession register.
|